000 00228nam a22000857a 4500
008 170424b xxu||||| |||| 00| 0 eng d
100 _93082
_aArora.B.B etal
245 _aScience Biology X I and II
260 _aNew Delhi
_bModern
_c2016
999 _c6369
_d6369